书目信息 |
| 题名: |
音响集成电路的原理和应用
|
|
| 作者: | 王新成 编 | |
| 分册: | ||
| 出版信息: | 北京 电子工业出版社 1987 |
|
| 页数: | 233页 | |
| 开本: | 26cm | |
| 丛书名: | ||
| 单 册: | ||
| 中图分类: | TN912.27 , TN4 | |
| 科图分类: | ||
| 主题词: | 音频设备-集成电路 , 集成电路-音频设备 , 微电子技术 , 集成电路 | |
| 电子资源: | ||
| ISBN: | ||
| 000 | 00776nam0 2200289 45 | |
| 001 | 0187006109 | |
| 005 | 20040921083012.9 | |
| 010 | @dCNY3.40 | |
| 091 | @a15290.497 | |
| 100 | @a19901117d1987 em y0chiy0121 ea | |
| 101 | 0 | @achi |
| 102 | @aCN@b110000 | |
| 105 | @ay z 000yy | |
| 106 | @ar | |
| 200 | 10 | @a音响集成电路的原理和应用@Ayin xiang ji cheng dian lu de yuan li he ying yong@f王新成编 |
| 210 | @a北京@c电子工业出版社@d1987 | |
| 215 | @a233页@d26cm | |
| 606 | @a音频设备-集成电路 | |
| 606 | @a集成电路-音频设备 | |
| 606 | 0 | @a微电子技术 |
| 606 | 0 | @a集成电路 |
| 690 | @aTN912.27@v3 | |
| 690 | @aTN4@v3 | |
| 701 | 0 | @a王新成@Awang xin cheng@4编 |
| 801 | 0 | @aCN@b深圳图书馆@c20040519 |
| 801 | 2 | @aCN@bNLC@c20040519 |
| 905 | @dTN4@e60@f1@b205227 | |
| 音响集成电路的原理和应用/王新成编.-北京:电子工业出版社,1987 |
| 233页;26cm |
| ISBN :CNY3.40 |
| ● |
| 相关链接 |
|
|
|
|
正题名:音响集成电路的原理和应用
索取号:TN4/60
 
预约/预借
| 序号 | 登录号 | 条形码 | 馆藏地/架位号 | 状态 | 备注 |
| 1 | 0205226 | 001353742 | 第三借阅区/ [索取号:TN4/60] | 在馆 | |
| 2 | 0205227 | 001960391 | 第三借阅区/ [索取号:TN4/60] | 在馆 | |
| 3 | 0205228 | 001353706 | 第二样本阅览室/ [索取号:TN4/60] | 在馆 |